000 00215 a2200097 4500
001 52017
100 _aN D C
245 _aThe Partition of the Punjab (Vol-iv)
260 _aLahore
_bN D C
_c
090 _c32824
_d32824
942 _aNUST-CAE
_cM
_c25363
999 _c287090
_d287090